• AIU
  • Tony Wilmot Memorial Library

The Cardinal of Africa : charles Lavigerie; founder of the White Fathers (Record no. 30231)

MARC details
000 -LEADER
fixed length control field 00763nam a22002291a 4500
001 - CONTROL NUMBER
control field 4556540
005 - DATE AND TIME OF LATEST TRANSACTION
control field 20110718130644.0
008 - FIXED-LENGTH DATA ELEMENTS--GENERAL INFORMATION
fixed length control field 721206s1964 enk 000 0beng
010 ## - LIBRARY OF CONGRESS CONTROL NUMBER
LC control number 72196762
035 ## - SYSTEM CONTROL NUMBER
-- (DLC) 72196762
040 ## - CATALOGING SOURCE
Original cataloging agency DLC
Transcribing agency DLC
Modifying agency DLC
041 1# - LANGUAGE CODE
Language code of text/sound track or separate title engspa
050 00 - LIBRARY OF CONGRESS CALL NUMBER
Classification number BX4705.L4
Item number A713
240 10 - UNIFORM TITLE
Language of a work English
245 14 - TITLE STATEMENT
Title The Cardinal of Africa : charles Lavigerie; founder of the White Fathers
Statement of responsibility, etc translated by Mairin Mitchell.
Medium [Text]
260 ## - PUBLICATION, DISTRIBUTION, ETC. (IMPRINT)
Place of publication, distribution, etc London
Name of publisher, distributor, etc Sands & Co.
Date of publication, distribution, etc 1964
300 ## - PHYSICAL DESCRIPTION
Extent 208 p.
500 ## - GENERAL NOTE
General note Translation of Lavigerie, el cardenal de Africa.
600 10 - SUBJECT ADDED ENTRY--PERSONAL NAME
Personal name Lavigerie, Charles Martial Allemand, 1825-1892.
906 ## - LOCAL DATA ELEMENT F, LDF (RLIN)
a 7
b cbc
c orignew
d 5
e ncip
f 19
g y-gencatlg
991 ## -
-- c-GenColl
-- BX4705.L4
-- A713
-- Copy 1
-- BOOKS
Holdings
Withdrawn status Lost status Source of classification or shelving scheme Damaged status Not for loan Collection code Home library Current library Shelving location Date acquired Source of acquisition Cost, normal purchase price Full call number Barcode Date last seen Copy number Price effective from Koha item type
    Library of Congress Classification     General Circulation AIU/NEGST - Tony Wilmot Memorial Library AIU/NEGST - Tony Wilmot Memorial Library General Stacks 09/10/2009 Donation 5.95 BX 4705.L4A713 1963 R52763K3232 09/26/2019 1 09/10/2009 Africana collection (General)